BIBLIOTHÈQUE DE LA MAISON DU MEXIQUE

Logo 1 Logo 2

La naturaleza del conflicto humano (notice nᵒ 12317)

détails MARC
000 -Sello discográfico
campo de control de longitud fija 01001nam a2200313 4500
005 - Identificación de versión
campo de control 20251016083505.0
035 ## - Otros números de control del sistema
Número de control del sistema 10000
099 ## - fechas locales
Tipo de ítem Koha LIBRO
100 ## - Datos de procesamiento general
Datos de procesamiento general 19930801d1975 m y1spay5003 ba
101 1# - Idioma del recurso
Idioma del texto, banda sonora, etc. Español; Castellano
Idioma de la obra original Inglés
105 ## - Campo de datos codificados: Material textual, monográfico
Datos codificados de monografía a 001zy
200 1# - Título y mención de responsabilidad
Título propio La naturaleza del conflicto humano
Designación general del material texto impreso
Primer mención de responsabilidad Elton B. McNeil
Declaración de responsabilidad subsiguiente traducción de Carlos Sierra
205 ## - Declaración de edición
Declaración de edición 1a ed
210 ## - Publicación, distribución, etc.
Lugar de publicación, distribución, etc. México
Nombre del editor, distribuidor, etc. Fondo de Cultura Económica
Fecha de publicación, distribución, etc. 1975
215 ## - Descripción física
Designación de material específico y extensión del ítem 406 p
Otras características físicas tab.
Dimensiones 21 cm
300 ## - Notas generales
Texto de la nota Traducción de : The Nature of Human Conflict
345 ## - Nota de información de adquisición
Fuente de adquisición/dirección de la suscripción [OBSOLETO] Donación
410 #1 - Series
Título Biblioteca de Psicología y Psicoanálisis
606 ## - Término temático usado como materia
Elemento de entrada Guerra y sociedad
Subdivisión temática Alocuciones, ensayos y conferencias
Número Koha 18961
700 ## - Nombre personal - Responsabilidad primaria
Elemento de entrada McNeil
Parte del nombre distinta del elemento de entrada Elton Burbank
Fechas 1924-1974
Número Koha 18962
702 ## - Nombre personal - Responsabilidad secundaria
Elemento de entrada Sierra
Parte del nombre distinta del elemento de entrada Carlos
Número Koha 6780
801 #0 - Fuente de origen
Agencia cm
900 ## -
-- 1/9100
900 ## -
-- 710934760\\010893
942 ## - ELEMENTOS DE ENTRADA SECUNDARIOS (KOHA)
Tipo de ítem Koha Livre
996 ## -
-- MEX
-- 751145101
-- MMAG
-- 005010
-- 158 M113N
-- 20210604LIV
Exemplaires
Estatus retirado Estado de daño Estado de pérdida Fecha de adquisición Biblioteca de origen Biblioteca actual Ubicación en estantería Código de barras Precio de reemplazo Signatura topográfica completa No para préstamo Tipo de ítem Koha Nota pública Nota no pública
      05/08/2025 Casa México Paris Casa México Paris   005010 05/08/2025 158 M113N   Livre 20210604LIV 751145101